Wawasan dan kepimpinan : (Record no. 4784)
[ view plain ]
| 000 -LEADER | |
|---|---|
| fixed length control field | nam a22 a 4500 |
| 003 - CONTROL NUMBER IDENTIFIER | |
| control field | AKMAL |
| 005 - DATE AND TIME OF LATEST TRANSACTION | |
| control field | 20190131095901.0 |
| 008 - FIXED-LENGTH DATA ELEMENTS--GENERAL INFORMATION | |
| fixed length control field | 030602s2003 my e 000 0 may d |
| 020 ## - INTERNATIONAL STANDARD BOOK NUMBER | |
| International Standard Book Number | 9789676113771 |
| Terms of availability | RM18.90 |
| 040 ## - CATALOGING SOURCE | |
| Original cataloging agency | AKMAL |
| Transcribing agency | AKMAL |
| 082 04 - DEWEY DECIMAL CLASSIFICATION NUMBER | |
| Classification number | 658.4012 YEO |
| Edition number | 21 |
| 090 00 - LOCALLY ASSIGNED LC-TYPE CALL NUMBER (OCLC); LOCAL CALL NUMBER (RLIN) | |
| Classification number (OCLC) (R) ; Classification number, CALL (RLIN) (NR) | 658.4012 |
| Local cutter number (OCLC) ; Book number/undivided call number, CALL (RLIN) | YEO |
| 100 1# - MAIN ENTRY--PERSONAL NAME | |
| Personal name | Yeoh, Michael |
| 9 (RLIN) | 6740 |
| 245 10 - TITLE STATEMENT | |
| Title | Wawasan dan kepimpinan : |
| Remainder of title | nilai dan strategi ke arah wawasan 2020 / |
| Statement of responsibility, etc. | Michael Yeoh ; penterjemah Rahayu Ibrahim, Suziana Abd. Aziz |
| 260 ## - PUBLICATION, DISTRIBUTION, ETC. | |
| Place of publication, distribution, etc. | Kuala Lumpur : |
| Name of publisher, distributor, etc. | Utusan Publications & Distributors, |
| Date of publication, distribution, etc. | 2003 |
| 300 00 - PHYSICAL DESCRIPTION | |
| Extent | xi, 108ms. ; |
| Dimensions | 25cm |
| 500 ## - GENERAL NOTE | |
| General note | Koleksi Peribadi YABhg. Tun Ahmad Sarji (2100287) |
| 650 #0 - SUBJECT ADDED ENTRY--TOPICAL TERM | |
| Topical term or geographic name entry element | Strategic planning |
| Geographic subdivision | Malaysia |
| 9 (RLIN) | 6741 |
| 650 #0 - SUBJECT ADDED ENTRY--TOPICAL TERM | |
| Topical term or geographic name entry element | Industrial management |
| Geographic subdivision | Malaysia |
| 9 (RLIN) | 6100 |
| 650 #0 - SUBJECT ADDED ENTRY--TOPICAL TERM | |
| Topical term or geographic name entry element | Wawasan 2020 |
| 9 (RLIN) | 8 |
| 700 0# - ADDED ENTRY--PERSONAL NAME | |
| Personal name | Rahayu Ibrahim |
| 9 (RLIN) | 100 |
| 700 0# - ADDED ENTRY--PERSONAL NAME | |
| Personal name | Suzana Abd. Aziz |
| 9 (RLIN) | 6742 |
| 942 ## - ADDED ENTRY ELEMENTS (KOHA) | |
| Source of classification or shelving scheme | |
| Koha item type | Book |
| Withdrawn status | Lost status | Source of classification or shelving scheme | Damaged status | Not for loan | Collection code | Home library | Current library | Date acquired | Inventory number | Total Checkouts | Full call number | Barcode | Date last seen | Price effective from | Koha item type |
|---|---|---|---|---|---|---|---|---|---|---|---|---|---|---|---|
| NON-FICTION | AKMAL Melaka | AKMAL Melaka | 31.01.2019 | 602773 | 658.4012 | 201707793 | 31.01.2019 | 31.01.2019 | Book | ||||||
| NON-FICTION | AKMAL Melaka | AKMAL Melaka | 31.01.2019 | 602774 | 658.4012 | 201707794 | 31.01.2019 | 31.01.2019 | Book |
